[Event "Stay Safe Play From Home 262"]
[Site "Emanuel Lasker Arena"]
[Date "2020.06.29"]
[Round "3"]
[White "Bardellosport"]
[Black "Praveen prasad"]
[Result "0-1"]
[WhiteElo "2009"]
[BlackElo "2226"]
[Annotator "TA"]
[PlyCount "60"]
[EventDate "2020.06.29"]
[EventType "swiss (blitz)"]

{[%evp 17,59,0,0,0,10,7,56,46,65,46,58,51,51,55,89,43,72,46,56,-35,-23,-60,-45,-164,-130,-207,-168,-173,-180,-229,-237,-295,-296,-469,-391,-852,-834,-948,-950,-1054,-1038,-1306,-1249,-29999]} 1. Nf3 d5 2. g3 Nf6 3. Bg2 c5 4. d3 Nc6 5. Nbd2 g6 6. O-O Bg7 7. Re1 O-O 8. e4 dxe4 9. dxe4 e5 10. c3 {A08: King's Indian Attack.} Bg4 11. Qc2 {[#]} Bxf3 $146 ({Predecessor:} 11... b5 12. Nf1 Qc7 13. Ne3 Rad8 14. Nxg4 Nxg4 15. h3 Nf6 16. Be3 c4 17. Nd2 Nd7 {½-½ (36) Gusev,A (2314)-Arakeljan,A (2408) Raskazovo 2015}) 12. Nxf3 {White is slightly better.} Re8 13. h3 Qc7 14. Bg5 h6 15. Be3 Rad8 16. Rad1 b6 17. b3 Kh7 18. c4 ({White should try} 18. Nd2 $14) 18... Nd4 19. Bxd4 cxd4 20. g4 (20. Rf1 $15) 20... Nd7 21. g5 (21. Rf1 $17) 21... h5 22. h4 Nc5 23. Ra1 Ne6 24. Rec1 Nf4 25. Ne1 (25. c5 $142) 25... Qd7 26. Nd3 $2 (26. Rd1) 26... Nxg2 $19 27. Kxg2 Qg4+ {[%mdl 64] [#] Double Attack} 28. Kf1 Qxe4 29. Re1 Qxh4 30. Qe2 Qh1# {Accuracy: White = 25%, Black = 69%.} 0-1

[Event "Stay Safe Play From Home 262"]
[Site "Emanuel Lasker Arena"]
[Date "2020.06.29"]
[Round "3"]
[White "Haris kollari 13"]
[Black "Edmatuag"]
[Result "1-0"]
[WhiteElo "1746"]
[BlackElo "1701"]
[Annotator "NA"]
[PlyCount "47"]
[EventDate "2020.06.29"]
[EventType "swiss (blitz)"]

1. e4 {[%emt 0:00:01]} e5 {[%emt 0:00:03]} 2. f4 {[%emt 0:00:01]} Nc6 {[%emt 0:00:02]} 3. Nf3 {[%emt 0:00:01]} d6 {[%emt 0:00:01]} 4. Bb5 {[%emt 0:00:01]} Bd7 {[%emt 0:00:02]} 5. d3 {[%emt 0:00:01]} Nf6 {[%emt 0:00:02]} 6. Nc3 {[%emt 0:00:01]} Be7 {[%emt 0:00:03]} 7. fxe5 {[%emt 0:00:01]} dxe5 {[%emt 0:00:04]} 8. Bxc6 {[%emt 0:00:02]} Bxc6 {[%emt 0:00:05]} 9. Nxe5 {[%emt 0:00:01]} Bd6 {[%emt 0:00:16]} 10. Nxc6 {[%emt 0:00:01]} bxc6 {[%emt 0:00:00]} 11. Be3 {[%emt 0:00:01]} O-O {[%emt 0:00:05]} 12. Qd2 {[%emt 0:00:01]} Nd7 {[%emt 0:00:00]} 13. O-O {[%emt 0:00:02]} Ne5 {[%emt 0:00:01]} 14. Bf4 {[%emt 0:00:03]} Ng6 {[%emt 0:00:02]} 15. Bxd6 {[%emt 0:00:01]} cxd6 {[%emt 0:00:00]} 16. Rf3 {[%emt 0:00:01]} Qb6+ {[%emt 0:00:01]} 17. Kh1 {[%emt 0:00:05]} Qxb2 {[%emt 0:00:00]} 18. Raf1 {[%emt 0:00:01]} Qa3 {[%emt 0:00:01]} 19. Ne2 {[%emt 0:00:02]} d5 {[%emt 0:00:01]} 20. Ng3 {[%emt 0:00:04]} Qd6 {[%emt 0:00:03]} 21. Nf5 {[%emt 0:00:03]} Qd7 {[%emt 0:00:01]} 22. h4 {[%emt 0:00:01]} dxe4 {[%emt 0:00:01]} 23. Rg3 {[%emt 0:00:02]} exd3 {[%emt 0:00:02]} 24. cxd3 {[%emt 0:00:01] Time (Lag: Av=0.52s, max=0.7s)} 1-0

[Event "Stay Safe Play From Home 262"]
[Site "Emanuel Lasker Arena"]
[Date "2020.06.29"]
[Round "3"]
[White "Justwatch"]
[Black "Mandy"]
[Result "1-0"]
[WhiteElo "1658"]
[BlackElo "956"]
[Annotator "NA RC"]
[PlyCount "33"]
[EventDate "2020.06.29"]
[EventType "swiss (blitz)"]

1. e4 {[%emt 0:00:05]} c6 {[%emt 0:00:01]} 2. e5 {[%emt 0:00:02]} e6 {[%emt 0:00:02]} 3. h4 {[%emt 0:00:02]} d5 {[%emt 0:00:01]} 4. h5 {[%emt 0:00:01]} f6 {[%emt 0:00:01]} 5. h6 {[%emt 0:00:01]} gxh6 {[%emt 0:00:04]} 6. exf6 {[%emt 0:00:12]} Nxf6 {[%emt 0:00:02]} 7. Nc3 {[%emt 0:00:01]} Bg7 {[%emt 0:00:01]} 8. Nf3 {[%emt 0:00:01]} O-O {[%emt 0:00:01]} 9. d4 {[%emt 0:00:01]} Nbd7 {[%emt 0:00:03]} 10. Be3 {[%emt 0:00:00]} b6 {[%emt 0:00:05]} 11. Bd3 {[%emt 0:00:01]} Bb7 {[%emt 0:00:05]} 12. Ne5 {[%emt 0:00:01]} Qe7 {[%emt 0:00:06]} 13. Nxd7 {[%emt 0:00:11]} Qxd7 {[%emt 0:00:04]} 14. Bxh6 {[%emt 0:00:09]} Bxh6 {[%emt 0:00:07]} 15. Rxh6 {[%emt 0:00:00]} Kg7 {[%emt 0:00:08]} 16. Qd2 {[%emt 0:00:03]} Bc8 {[%emt 0:00:07]} 17. a3 {[%emt 0:00:04] Zeit (Lag: Av=0.50s, max=0.6s)} 1-0

[Event "Stay Safe Play From Home 262"]
[Site "Emanuel Lasker Arena"]
[Date "2020.06.29"]
[Round "3"]
[White "Trotsky"]
[Black "Lamborghini"]
[Result "0-1"]
[WhiteElo "1614"]
[BlackElo "2216"]
[Annotator "TA"]
[PlyCount "62"]
[EventDate "2020.06.29"]
[EventType "swiss (blitz)"]

{[%evp 9,61,0,17,-39,8,8,8,-2,8,7,35,0,0,-172,-179,-174,-175,-329,-341,-495,-507,-493,-499,-559,-541,-737,-737,-717,-713,-946,-933,-955,-953,-1085,-1083,-1090,-1021,-1278,-1268,-1382,-1374,-29986,-29987,-6395,-2396,-29993,-29994,-29997,-29997,-29998,-29999,-29999,-29999,-29999]} 1. d4 Nf6 2. c4 g6 3. Nc3 Bg7 4. e3 O-O 5. Bd3 d6 6. Qc2 {E61: King's Indian: Early deviations for White, including Smyslov System.} (6. Nge2 $11) 6... Nc6 7. a3 e5 8. d5 $1 {[%cal Rd5c6] The position is equal.} Ne7 9. Nf3 {[#]} Ne8 $146 ({Predecessor:} 9... Nh5 10. h3 f5 11. Nh2 Nf6 12. Bd2 c6 13. O-O-O cxd5 14. cxd5 Bd7 15. Kb1 Rc8 {0-1 (48) Bende,E-Lantos,L Hungary 1996}) 10. Ng5 h6 11. h4 $2 {[#] Black keeps a firm grip on the game.} (11. Nf3 $11) 11... hxg5 $19 12. hxg5 c6 13. Ne4 $2 (13. a4 {was worth a try.}) 13... cxd5 14. Nf6+ (14. cxd5 {is a better defense.} Qa5+ 15. Bd2 Qxd5 16. Rc1) 14... Nxf6 15. gxf6 Bxf6 16. Bd2 dxc4 17. Be4 d5 18. Bf3 Be6 19. O-O-O Rc8 20. Bc3 Qb6 21. Kb1 Rfd8 22. Ka1 a5 23. Rh6 d4 24. exd4 exd4 25. Bxd4 Rxd4 26. Rdh1 Qb3 27. Qb1 c3 {Black mates.} 28. Be4 {[#]} Rd1 $1 29. Rxd1 (29. Qxd1 Qxb2#) 29... cxb2+ 30. Qxb2 Qxa3+ {[%mdl 64] Pin} 31. Kb1 Qxb2# {Accuracy: White = 30%, Black = 79%.} 0-1

[Event "Stay Safe Play From Home 262"]
[Site "Emanuel Lasker Arena"]
[Date "2020.06.29"]
[Round "3"]
[White "Klasman"]
[Black "Hetou"]
[Result "0-1"]
[WhiteElo "1290"]
[BlackElo "2372"]
[Annotator "TA"]
[PlyCount "44"]
[EventDate "2020.06.29"]
[EventType "swiss (blitz)"]

{[%evp 9,44,9,15,15,22,25,10,0,41,-8,58,-31,34,10,30,23,38,30,28,21,11,-37,-39,-433,-431,-482,-478,-464,-442,-442,-402,-466,-426,-484,-441,-499,-451]} 1. f4 e5 2. fxe5 d6 3. Nf3 dxe5 4. e4 Bd6 5. Bc4 Nf6 6. d3 {C30: King's Gambit Declined.} O-O 7. Bg5 {[#]} h6 $146 ({Predecessor:} 7... Bg4 8. h3 Bh5 9. g4 Bg6 10. Nc3 c6 11. Nh4 Be7 12. Nf5 Bxf5 13. gxf5 Nd5 14. Bxe7 Nxc3 15. bxc3 Qxe7 {1-0 (41) Winkler,W (1941)-Walke,G (1727) Winterberg 2004}) 8. Bh4 {The position is equal.} Be6 9. O-O Nbd7 (9... Bxc4 $11 10. Bxf6 Qxf6) 10. Nc3 (10. Bxe6 $14 fxe6 11. Kh1) 10... c6 ({Black should try} 10... Bxc4 $15 11. dxc4 Qe7) 11. Bb3 Qb6+ 12. Kh1 Ng4 13. Qe2 Qe3 14. Qxe3 Nxe3 15. Rfe1 {Strongly threatening Bxe6.} Bxb3 16. axb3 $4 {[%mdl 8192] This costs White the game.} (16. Rxe3 $15 Be6 17. Bf2) 16... Nxc2 $19 {[%mdl 64] [#] Double Attack} 17. Rec1 Nxa1 18. Rxa1 a6 19. Bf2 Rfe8 20. Re1 Re6 {Black is clearly winning.} 21. Na4 Rae8 22. Nc3 Bb4 {Accuracy: White = 41%, Black = 56%.} 0-1

[Event "Stay Safe Play From Home 262"]
[Site "Emanuel Lasker Arena"]
[Date "2020.06.29"]
[Round "4"]
[White "Mepe_Nika"]
[Black "Broken sword"]
[Result "1/2-1/2"]
[WhiteElo "2454"]
[BlackElo "2468"]
[Annotator "TA"]
[PlyCount "42"]
[EventDate "2020.06.29"]
[EventType "swiss (blitz)"]

{[%evp 9,42,41,41,41,51,40,46,35,43,42,58,0,76,9,33,21,17,-2,78,81,85,-2,52,-3,-7,-49,-22,-65,-23,-32,-12,-78,0,-46,-29]} 1. d4 d6 2. e4 c6 3. Nf3 Nd7 4. Bd3 e5 5. c3 Ngf6 6. O-O {B07: Pirc Defence: Miscellaneous Systems.} Be7 7. h3 Qc7 8. Nbd2 {White is slightly better.} O-O 9. a4 Re8 10. Nc4 (10. a5 $14) 10... Nf8 (10... exd4 $11 {remains equal.} 11. Nxd4 d5 12. exd5 cxd5) 11. Re1 (11. dxe5 $16 dxe5 12. Ncxe5 (12. Nfxe5 b5 $17)) 11... Ng6 12. a5 {[#]} Bd7 $146 ({Predecessor:} 12... Bf8 13. Qc2 Bd7 14. Be3 b5 15. axb6 axb6 16. Rxa8 Rxa8 17. Nxb6 Qxb6 18. dxe5 Qd8 19. exf6 Qxf6 {0-1 (32) Christiansen,J (2151)-Frantsen,T (2122) Odense 2012}) 13. Bf1 b5 (13... exd4 $11 14. Nxd4 Bf8) 14. axb6 $1 $16 axb6 15. Bg5 (15. Rxa8 $16 Rxa8 16. Be3) 15... b5 (15... Rxa1 $11 16. Qxa1 b5) 16. Bxf6 ({Better is} 16. Rxa8 $14 Rxa8 17. dxe5 dxe5 18. Ncxe5 Nxe5 19. Nxe5 Qxe5 20. Bxf6 Qxf6 21. Qxd7) 16... Bxf6 17. Ncd2 Be6 18. b3 Bd7 19. Qc2 Nf4 20. Kh2 (20. b4 $11) 20... Ng6 ({Black should play} 20... Rxa1 $17 21. Rxa1 exd4 22. cxd4 Ne6) 21. g3 Be6 {Accuracy: White = 43%, Black = 60%.} 1/2-1/2

[Event "Stay Safe Play From Home 262"]
[Site "Emanuel Lasker Arena"]
[Date "2020.06.29"]
[Round "4"]
[White "Hetou"]
[Black "Kubas"]
[Result "1-0"]
[WhiteElo "2372"]
[BlackElo "2363"]
[Annotator "TA"]
[PlyCount "125"]
[EventDate "2020.06.29"]
[EventType "swiss (blitz)"]

{[%evp 16,125,6,6,15,0,0,-23,0,-33,-10,-10,0,0,-5,-4,35,48,43,-33,-32,-42,29,42,43,27,41,20,54,57,96,17,13,12,109,105,161,0,54,37,52,55,53,51,141,8,48,37,37,10,11,2,168,112,111,0,9,7,22,13,30,0,0,0,0,0,0,0,0,0,0,-60,-22,-285,0,0,0,0,0,0,0,0,0,0,0,0,501,0,467,0,375,0,0,0,22,-8,-8,-36,-19,-25,0,-4635,-920,-1482,-8,-4635,-8,-8,-8,-8,-8,-8]} 1. g3 e5 2. Bg2 d5 3. c4 Nf6 4. cxd5 Nxd5 5. Nc3 Nxc3 6. bxc3 Nc6 7. d3 Bc5 8. Nf3 O-O 9. O-O Rb8 {[#] A29: English Opening: Four Knights Variation with 4 g3.} 10. Bg5 $146 ({Predecessor:} 10. a4 Be6 11. Ng5 Bg4 12. Ne4 Be7 13. Ba3 Bxa3 14. Rxa3 b6 15. Re1 Qe7 16. Ra1 Rbd8 17. Qb3 {1-0 (57) Ding,L (2778)-Dubov,D (2696) Liaocheng 2018}) 10... f6 11. Bd2 b6 {Black has an edge.} 12. a4 Bb7 13. Qc2 Kh8 14. Rfd1 Qe7 15. e3 Na5 16. d4 Bd6 17. Nh4 (17. c4 $14 Nc6 18. Nh4) 17... Bxg2 $15 18. Kxg2 c5 ({Black should play} 18... Qe6 $15) 19. Nf5 $11 Qb7+ 20. Kg1 Bc7 21. e4 (21. c4 {is interesting.} g6 22. Bxa5 bxa5 23. Rab1 Qa6 24. Rxb8 Rxb8 25. Ne7) 21... exd4 22. cxd4 {aiming for Bxa5.} cxd4 23. Bxa5 ({But not} 23. Nxd4 Rbc8 $11) (23. Rab1 $16 {Strongly threatening Bxa5.} Qc8 24. Rb5 (24. Nxd4 Be5 $14)) 23... bxa5 24. Nxd4 Be5 (24... Bb6 $11) 25. Rab1 $16 Qa6 (25... Qa8 $16) 26. Qc6 $2 (26. Rxb8 $1 $18 Bxb8 27. Nc6) 26... Rb6 (26... Rxb1 $11 27. Rxb1 Qd3) 27. Rxb6 $14 Qxb6 28. Qxb6 axb6 {[%mdl 4096] Endgame KRB-KRN} 29. Nb5 Kg8 (29... g5 $1 $14) 30. Rd7 ({White must play} 30. f4 $16 Bb8 31. Kg2) 30... Rf7 31. Rd8+ Rf8 32. Rd5 Rc8 33. f4 Bb8 $2 (33... Bb2 $11) 34. Kg2 (34. Kf2 $1 $18) 34... Kf8 $16 {[#]} 35. h4 (35. Rd7 $1 $16) 35... Ke8 36. h5 Ke7 37. Kf3 Rc4 38. Nd4 {Hoping for Nf5+.} g6 39. h6 Bd6 40. Nb5 Bc5 41. Na7 Rxa4 42. Nc6+ Ke6 43. Rd8 (43. Nd8+ $11 Ke7 44. Nc6+ Ke6 45. Nd8+ Ke7 46. Nc6+) 43... Ra3+ 44. Kg4 $2 {[%mdl 8192]} (44. Kg2 $1 $11 {and White is okay.}) 44... Bf2 $2 (44... f5+ $19 45. exf5+ gxf5+ 46. Kh3 Rc3) 45. f5+ $11 gxf5+ 46. exf5+ Kf7 47. Rd7+ Ke8 48. Rxh7 Rxg3+ 49. Kf4 Rh3 50. Ke4 Be3 $2 {[%mdl 8192] [#]} (50... a4 $11) 51. Kd5 $2 (51. Re7+ $1 $18 Kf8 52. h7) 51... Rxh6 $2 {[%mdl 8192]} (51... Bxh6 $11 52. Ke6 Rc3 53. Re7+ Kf8 54. Rf7+ {[%mdl 64] Double Attack} Ke8 55. Re7+ Kf8 56. Rf7+ {[%mdl 64] Double Attack} Ke8 57. Re7+) 52. Rb7 $2 (52. Re7+ $18 Kf8 53. Rxe3) 52... Rh4 $2 {[%mdl 8192]} (52... Kf8 $11 {and Black stays safe.}) 53. Ke6 $2 ({White has to play} 53. Re7+ $18 Kf8 54. Rxe3) 53... Re4+ 54. Kxf6 a4 {[%cal Ba5a4,Ba4a3,Ba3a2][%mdl 32] And now ...Bc5 would win.} 55. Ra7 b5 56. Ra5 Bd2 57. Rxb5 a3 58. Rd5 $2 {[%mdl 8192]} (58. Rb8+ $11 Kd7 59. Rd8+ Kc7 60. Rxd2 Kxc6 61. Ra2) 58... Bc3+ $19 59. Kg6 Kf8 $2 (59... Rg4+ $19 60. Kh5 a2 61. Rd8+ Kf7) 60. Rd8+ $11 Re8 61. Rd7 $1 {[%cal Rd7f7] Rf7+ is the strong threat.The position is equal.} a2 62. Rf7+ Kg8 63. Ne7+ {[%mdl 32768] What a bad dream for Black. Accuracy: White = 61%, Black = 56%. . Loss on time!?} 1-0

[Event "Stay Safe Play From Home 262"]
[Site "Emanuel Lasker Arena"]
[Date "2020.06.29"]
[Round "4"]
[White "BrainThinker22"]
[Black "Souchov"]
[Result "1/2-1/2"]
[WhiteElo "2300"]
[BlackElo "1959"]
[Annotator "NA"]
[PlyCount "163"]
[EventDate "2020.06.29"]
[EventType "swiss (blitz)"]

1. e4 {[%emt 0:00:00]} c5 {[%emt 0:00:02]} 2. Nc3 {[%emt 0:00:01]} Nc6 {[%emt 0:00:00]} 3. g3 {[%emt 0:00:00]} g6 {[%emt 0:00:00]} 4. Bg2 {[%emt 0:00:00]} Bg7 {[%emt 0:00:00]} 5. d3 {[%emt 0:00:00]} e6 {[%emt 0:00:01]} 6. Be3 {[%emt 0:00:00]} b6 {[%emt 0:00:01]} 7. Qd2 {[%emt 0:00:00]} Bb7 {[%emt 0:00:01]} 8. Nge2 {[%emt 0:00:01]} Nge7 {[%emt 0:00:02]} 9. Bh6 {[%emt 0:00:01]} O-O {[%emt 0:00:01]} 10. h4 {[%emt 0:00:01]} d5 {[%emt 0:00:02]} 11. h5 {[%emt 0:00:01]} Bxc3 {[%emt 0:00:14]} 12. bxc3 {[%emt 0:00:04]} Re8 {[%emt 0:00:01]} 13. hxg6 {[%emt 0:00:01]} fxg6 {[%emt 0:00:00]} 14. Bg7 {[%emt 0:00:11]} Kxg7 {[%emt 0:00:09]} 15. Qh6+ {[%emt 0:00:00]} Kf7 {[%emt 0:00:00]} 16. Qxh7+ {[%emt 0:00:01]} Kf6 {[%emt 0:00:00]} 17. d4 {[%emt 0:00:05]} cxd4 {[%emt 0:00:02]} 18. cxd4 {[%emt 0:00:00]} Nxd4 {[%emt 0:00:01]} 19. Nxd4 {[%emt 0:00:02]} Rh8 {[%emt 0:00:01]} 20. e5+ {[%emt 0:00:02]} Kxe5 {[%emt 0:00:01]} 21. Qg7+ {[%emt 0:00:01]} Kd6 {[%emt 0:00:01]} 22. Rxh8 {[%emt 0:00:01]} Qxh8 {[%emt 0:00:00]} 23. Qxh8 {[%emt 0:00:00]} Rxh8 {[%emt 0:00:01]} 24. O-O-O {[%emt 0:00:00]} e5 {[%emt 0:00:00]} 25. Nb5+ {[%emt 0:00:01]} Kc6 {[%emt 0:00:01]} 26. Nc3 {[%emt 0:00:00]} Kd6 {[%emt 0:00:02]} 27. Nxd5 {[%emt 0:00:02]} Nxd5 {[%emt 0:00:00]} 28. Bxd5 {[%emt 0:00:01]} Bxd5 {[%emt 0:00:01]} 29. c4 {[%emt 0:00:00]} Ke6 {[%emt 0:00:00]} 30. Rxd5 {[%emt 0:00:01]} Rc8 {[%emt 0:00:02]} 31. Rd3 {[%emt 0:00:03]} Rxc4+ {[%emt 0:00:00]} 32. Kb2 {[%emt 0:00:01]} Ra4 {[%emt 0:00:00]} 33. Kb3 {[%emt 0:00:01]} b5 {[%emt 0:00:00]} 34. a3 {[%emt 0:00:01]} a5 {[%emt 0:00:00]} 35. Rc3 {[%emt 0:00:00]} Rd4 {[%emt 0:00:00]} 36. Rc6+ {[%emt 0:00:01]} Kd5 {[%emt 0:00:00]} 37. Rc8 {[%emt 0:00:01]} Rd3+ {[%emt 0:00:00]} 38. Kb2 {[%emt 0:00:00]} Ke4 {[%emt 0:00:00]} 39. Rc2 {[%emt 0:00:02]} Rd4 {[%emt 0:00:00]} 40. Re2+ {[%emt 0:00:01]} Kf3 {[%emt 0:00:01]} 41. Rxe5 {[%emt 0:00:01]} Kxf2 {[%emt 0:00:00]} 42. Rxb5 {[%emt 0:00:00]} Kxg3 {[%emt 0:00:00]} 43. Rg5+ {[%emt 0:00:00]} Kf4 {[%emt 0:00:01]} 44. Rxg6 {[%emt 0:00:01]} a4 {[%emt 0:00:00]} 45. Rf6+ {[%emt 0:00:01]} Ke4 {[%emt 0:00:00]} 46. Rb6 {[%emt 0:00:00]} Kd3 {[%emt 0:00:00]} 47. Re6 {[%emt 0:00:02]} Kc4 {[%emt 0:00:00]} 48. Re2 {[%emt 0:00:01]} Kd5 {[%emt 0:00:00]} 49. Rc2 {[%emt 0:00:00]} Ke5 {[%emt 0:00:01]} 50. Rh2 {[%emt 0:00:00]} Kd5 {[%emt 0:00:00]} 51. Rh5+ {[%emt 0:00:00]} Ke4 {[%emt 0:00:00]} 52. Rh4+ {[%emt 0:00:01]} Kd3 {[%emt 0:00:00]} 53. Rh3+ {[%emt 0:00:01]} Ke4 {[%emt 0:00:01]} 54. Kc2 {[%emt 0:00:00]} Kd5 {[%emt 0:00:00]} 55. Rh4 {[%emt 0:00:00]} Ke5 {[%emt 0:00:00]} 56. Rxd4 {[%emt 0:00:00]} Kxd4 {[%emt 0:00:01]} 57. Kd2 {[%emt 0:00:00]} Kc4 {[%emt 0:00:00]} 58. Kc2 {[%emt 0:00:00]} Kc5 {[%emt 0:00:01]} 59. Kc3 {[%emt 0:00:00]} Kb5 {[%emt 0:00:00]} 60. Kd4 {[%emt 0:00:00]} Ka5 {[%emt 0:00:00]} 61. Kc4 {[%emt 0:00:00]} Kb6 {[%emt 0:00:00]} 62. Kb4 {[%emt 0:00:00]} Ka6 {[%emt 0:00:00]} 63. Kxa4 {[%emt 0:00:00]} Ka7 {[%emt 0:00:00]} 64. Kb5 {[%emt 0:00:00]} Kb7 {[%emt 0:00:00]} 65. a4 {[%emt 0:00:00]} Ka8 {[%emt 0:00:00]} 66. a5 {[%emt 0:00:00]} Kb8 {[%emt 0:00:01]} 67. Kb6 {[%emt 0:00:00]} Ka8 {[%emt 0:00:00]} 68. Ka6 {[%emt 0:00:01]} Kb8 {[%emt 0:00:00]} 69. Kb6 {[%emt 0:00:00]} Ka8 {[%emt 0:00:00]} 70. a6 {[%emt 0:00:00]} Kb8 {[%emt 0:00:00]} 71. Ka5 {[%emt 0:00:00]} Ka8 {[%emt 0:00:00]} 72. Kb5 {[%emt 0:00:00]} Kb8 {[%emt 0:00:01]} 73. Kb6 {[%emt 0:00:00]} Ka8 {[%emt 0:00:00]} 74. Ka5 {[%emt 0:00:00]} Kb8 {[%emt 0:00:00]} 75. Kb5 {[%emt 0:00:00]} Ka8 {[%emt 0:00:00]} 76. Kb6 {[%emt 0:00:00]} Kb8 {[%emt 0:00:00]} 77. Ka5 {[%emt 0:00:00]} Ka8 {[%emt 0:00:00]} 78. Kb5 {[%emt 0:00:00]} Kb8 {[%emt 0:00:00]} 79. Kb6 {[%emt 0:00:00]} Ka8 {[%emt 0:00:00]} 80. Ka5 {[%emt 0:00:00]} Kb8 {[%emt 0:00:00]} 81. Kb5 {[%emt 0:00:00]} Ka8 {[%emt 0:00:00]} 82. Kb6 {[%emt 0:00:00] (Lag: Av=0.47s, max=1.7s)} 1/2-1/2

[Event "Stay Safe Play From Home 262"]
[Site "Emanuel Lasker Arena"]
[Date "2020.06.29"]
[Round "4"]
[White "Praveen prasad"]
[Black "Uber_WING"]
[Result "0-1"]
[WhiteElo "2234"]
[BlackElo "2485"]
[Annotator "TA"]
[PlyCount "52"]
[EventDate "2020.06.29"]
[EventType "swiss (blitz)"]

{[%evp 9,52,11,31,-376,-375,-422,-391,-392,-383,-382,-381,-396,-365,-413,-395,-363,-397,-377,-378,-445,-445,-559,-469,-605,-376,-388,-387,-379,-376,-357,-197,-195,0,-355,-145,-343,-58,-58,-62,-642,-642,-634,-616,-597,-592]} 1. e4 d5 2. exd5 Qxd5 3. Nc3 Qd6 4. Nf3 Nf6 5. d3 a6 {[#]} (5... Nc6 {seems wilder.} 6. d4 a6 7. h3 h6 8. a3 Bf5) 6. Bf4 $146 {[%mdl 8192] B01: Scandinavian Defence.} (6. g3 $14 {stays ahead.}) ({Predecessor:} 6. Be2 b5 7. h3 Bb7 8. Be3 e6 9. a3 Be7 10. Qd2 O-O 11. b4 Nbd7 12. O-O {0-1 (22) Friemel,R (1720)-Kopylov,M (2055) Playchess.com INT 2020}) 6... Qxf4 $19 7. Be2 Qd6 8. O-O {Black is winning.} Nc6 9. Re1 Bg4 10. a3 O-O-O 11. h3 h5 12. Ng5 Bxe2 13. Qxe2 Nd4 14. Qd2 {[#]} Ng4 $1 {( -> ...Qh2+)} 15. g3 (15. hxg4 hxg4) 15... Qf6 16. Kg2 Ne5 17. Rxe5 Qxe5 18. Nxf7 Qf5 ({Less strong is} 18... Qf6 19. Nxh8 g6 20. Nxg6 $19) 19. Nxh8 Qf3+ (19... g5 $142 {Strongly threatening ...Bg7.} 20. Ne4 Ne6) 20. Kg1 {[#]} Qf5 $2 (20... e5 $1 21. Qg5 Bc5 22. Qxe5 h4) 21. Kg2 ({Not} 21. Qd1 $2 e5 $19) 21... e6 (21... g5 $19 {Threatens to win with ...Bg7.} 22. Ne4 Ne6) 22. Ne4 $2 (22. Qf4 $17 Qxf4 23. gxf4) 22... Bd6 $2 (22... Be7 $19 {Hoping for ...Qf3+.} 23. f4 Rxh8) 23. Nxd6+ $15 Rxd6 ({Reject} 23... cxd6 $6 24. Qc3+ Nc6 25. Qxg7 $14) 24. Re1 $2 {[%mdl 8192]} (24. Qf4 $15) 24... Nf3 $19 {[%mdl 64] Double Attack. Black is clearly winning.} 25. Qe2 Nxe1+ 26. Qxe1 Rd8 {Accuracy: White = 40%, Black = 42%.} 0-1

[Event "Stay Safe Play From Home 262"]
[Site "Emanuel Lasker Arena"]
[Date "2020.06.29"]
[Round "4"]
[White "Lamborghini"]
[Black "Little champs"]
[Result "0-1"]
[WhiteElo "2217"]
[BlackElo "2234"]
[Annotator "RC"]
[PlyCount "124"]
[EventDate "2020.06.29"]
[EventType "swiss (blitz)"]

1. e4 {[%emt 0:00:03]} c6 {[%emt 0:00:00]} 2. d3 {[%emt 0:00:01]} d5 {[%emt 0:00:00]} 3. Nd2 {[%emt 0:00:01]} dxe4 {[%emt 0:00:00]} 4. dxe4 {[%emt 0:00:00]} Nf6 {[%emt 0:00:01]} 5. Ngf3 {[%emt 0:00:01]} g6 {[%emt 0:00:00]} 6. e5 {[%emt 0:00:01]} Nd5 {[%emt 0:00:01]} 7. h3 {[%emt 0:00:01]} Bg7 {[%emt 0:00:01]} 8. g3 {[%emt 0:00:01]} O-O {[%emt 0:00:00]} 9. Bg2 {[%emt 0:00:01]} f6 {[%emt 0:00:00]} 10. exf6 {[%emt 0:00:02]} Bxf6 {[%emt 0:00:00]} 11. O-O {[%emt 0:00:01]} Nd7 {[%emt 0:00:00]} 12. Ne4 {[%emt 0:00:01]} Bg7 {[%emt 0:00:01]} 13. c4 {[%emt 0:00:02]} N5f6 {[%emt 0:00:01]} 14. Nc3 {[%emt 0:00:01]} Nb6 {[%emt 0:00:01]} 15. Qe2 {[%emt 0:00:02]} Qc7 {[%emt 0:00:02]} 16. Bf4 {[%emt 0:00:02]} Qd8 {[%emt 0:00:03]} 17. Rad1 {[%emt 0:00:02]} Qe8 {[%emt 0:00:00]} 18. Ng5 {[%emt 0:00:03]} h6 {[%emt 0:00:01]} 19. Ne6 {[%emt 0:00:01]} Bxe6 {[%emt 0:00:00]} 20. Qxe6+ {[%emt 0:00:00]} Qf7 {[%emt 0:00:00]} 21. Qxf7+ {[%emt 0:00:01]} Kxf7 {[%emt 0:00:01]} 22. b3 {[%emt 0:00:00]} Rfd8 {[%emt 0:00:01]} 23. Bc7 {[%emt 0:00:02]} Rdc8 {[%emt 0:00:01]} 24. Be5 {[%emt 0:00:02]} Nbd7 {[%emt 0:00:01]} 25. Bf4 {[%emt 0:00:02]} e5 {[%emt 0:00:01]} 26. Be3 {[%emt 0:00:01]} Nf8 {[%emt 0:00:00]} 27. Ne4 {[%emt 0:00:02]} Nxe4 {[%emt 0:00:01]} 28. Bxe4 {[%emt 0:00:01]} Ke6 {[%emt 0:00:03]} 29. Rfe1 {[%emt 0:00:02]} a6 {[%emt 0:00:01]} 30. f4 {[%emt 0:00:01]} Rd8 {[%emt 0:00:01]} 31. g4 {[%emt 0:00:01]} Rxd1 {[%emt 0:00:01]} 32. Rxd1 {[%emt 0:00:00]} exf4 {[%emt 0:00:00]} 33. Bxf4 {[%emt 0:00:01]} Be5 {[%emt 0:00:00]} 34. Be3 {[%emt 0:00:01]} g5 {[%emt 0:00:01]} 35. Bf5+ {[%emt 0:00:01]} Ke7 {[%emt 0:00:01]} 36. Bc5+ {[%emt 0:00:01]} Kf7 {[%emt 0:00:01]} 37. Kg2 {[%emt 0:00:02]} Re8 {[%emt 0:00:02]} 38. Kf3 {[%emt 0:00:03]} Bf6 {[%emt 0:00:01]} 39. a4 {[%emt 0:00:05]} Be7 {[%emt 0:00:00]} 40. Bd4 {[%emt 0:00:01]} Ne6 {[%emt 0:00:02]} 41. Bxe6+ {[%emt 0:00:01]} Kxe6 {[%emt 0:00:00]} 42. Re1+ {[%emt 0:00:00]} Kd7 {[%emt 0:00:01]} 43. Bb6 {[%emt 0:00:01]} Rf8+ {[%emt 0:00:01]} 44. Ke3 {[%emt 0:00:03]} Bd6 {[%emt 0:00:00]} 45. Kd3 {[%emt 0:00:00]} Rf3+ {[%emt 0:00:01]} 46. Re3 {[%emt 0:00:00]} Rf2 {[%emt 0:00:00]} 47. Re7+ {[%emt 0:00:01]} Bxe7 {[%emt 0:00:01]} 48. Bxf2 {[%emt 0:00:00]} Bd6 {[%emt 0:00:01]} 49. Bd4 {[%emt 0:00:00]} Bf8 {[%emt 0:00:01]} 50. Bg7 {[%emt 0:00:00]} Bxg7 {[%emt 0:00:01]} 51. Ke4 {[%emt 0:00:00]} Kd6 {[%emt 0:00:00]} 52. Kf5 {[%emt 0:00:00]} Kc5 {[%emt 0:00:01]} 53. Kg6 {[%emt 0:00:00]} Bf8 {[%emt 0:00:00]} 54. Kf7 {[%emt 0:00:00]} Bd6 {[%emt 0:00:00]} 55. Kg6 {[%emt 0:00:00]} Bf4 {[%emt 0:00:00]} 56. Kxh6 {[%emt 0:00:00]} Kb4 {[%emt 0:00:00]} 57. Kg6 {[%emt 0:00:00]} Be3 {[%emt 0:00:01]} 58. Kf5 {[%emt 0:00:00]} Bf4 {[%emt 0:00:01]} 59. h4 {[%emt 0:00:00]} gxh4 {[%emt 0:00:01]} 60. Kxf4 {[%emt 0:00:01]} Kxb3 {[%emt 0:00:00]} 61. g5 {[%emt 0:00:00]} Kxc4 {[%emt 0:00:00]} 62. g6 {[%emt 0:00:00]} Kb4 {[%emt 0:00:00]} 0-1